[Event "Groningen Chess Festival 2010 - Open"]
[Site "Groningen NED"]
[Date "2010.12.21"]
[Round "1.25"]
[White "Ypma, Peter"]
[Black "Willemze, Thomas"]
[Result "1/2-1/2"]
[WhiteElo "2080"]
[BlackElo "2394"]
[PlyCount "82"]
[EventDate "2010.12.21"]
[EventType "swiss"]
[EventRounds "9"]
[EventCountry "NED"]
[Source "lmi"]
[SourceDate "2010.12.21"]

1. e4 c6 2. c4 d5 3. cxd5 cxd5 4. exd5 Nf6 5. Bb5+ Nbd7 6. Nc3 a6 7. Be2 b5 8.
d4 Nb6 9. Nf3 Nbxd5 10. O-O e6 11. Bg5 Be7 12. Ne5 Bb7 13. Rc1 O-O 14. Bf3 Nxc3
15. bxc3 Nd5 16. Bxe7 Qxe7 17. Nd3 Ra7 18. Re1 Ba8 19. Qb3 Qg5 20. Re5 Qg6 21.
Qc2 Rc8 22. Nc5 Nf4 23. Bxa8 Raxa8 24. Qxg6 hxg6 25. Re4 Nd5 26. g3 Rc6 27. Kf1
a5 28. a3 b4 29. cxb4 axb4 30. axb4 Nxb4 31. Re2 Rd8 32. Rc4 Nd5 33. Ra2 Ne7
34. Ra7 Nf5 35. Nb7 Rxc4 36. Nxd8 Nd6 37. Ra8 Kh7 38. Ra7 Kg8 39. Ra8 Kh7 40.
Ra7 Rxd4 41. Nxf7 Nxf7 1/2-1/2

[Event "Groningen Chess Festival 2010 - Open"]
[Site "Groningen NED"]
[Date "2010.12.21"]
[Round "1.26"]
[White "Carlstedt, Jonathan"]
[Black "Van Overdam, Jan"]
[Result "1-0"]
[WhiteElo "2392"]
[BlackElo "2030"]
[PlyCount "141"]
[EventDate "2010.12.21"]
[EventType "swiss"]
[EventRounds "9"]
[EventCountry "NED"]
[Source "lmi"]
[SourceDate "2010.12.21"]

1. c4 e5 2. g3 Nc6 3. Bg2 f5 4. Nc3 Nf6 5. d3 Bb4 6. Bd2 d6 7. e3 O-O 8. Nge2
Bxc3 9. Nxc3 Nb4 10. Bc1 f4 11. a3 Nc6 12. exf4 exf4 13. Bxf4 Re8+ 14. Ne4 d5
15. cxd5 Nxd5 16. Bd2 Ne5 17. O-O c6 18. d4 Nf7 19. Nc3 Be6 20. Re1 Qd7 21. Qc2
Nb6 22. Be4 h6 23. Ne2 Bb3 24. Bh7+ Kh8 25. Qxb3 Kxh7 26. Qd3+ Kg8 27. Nf4 Ng5
28. h4 Qxd4 29. hxg5 Qxd3 30. Nxd3 Red8 31. gxh6 Rxd3 32. Bc3 gxh6 33. Re6 Nd5
34. Rg6+ Kf7 35. Rg7+ Kf8 36. Rd7 Rf3 37. Bg7+ Kg8 38. Bxh6 Rf7 39. Rxf7 Kxf7
40. Re1 a5 41. Bd2 a4 42. Re4 b5 43. Kf1 Rd8 44. Ke2 Nf6 45. Re5 Nd7 46. Re3 c5
47. f4 Nf6 48. Re5 Nd5 49. Be3 c4 50. Bd2 b4 51. Bxb4 Nxb4 52. axb4 Rb8 53. b5
c3 54. bxc3 a3 55. b6 Rxb6 56. Ra5 Rb2+ 57. Ke3 a2 58. g4 Rg2 59. Kf3 Rc2 60.
Ke4 Rxc3 61. Rxa2 Rc4+ 62. Ke5 Rc5+ 63. Kd4 Rb5 64. Rc2 Rb4+ 65. Rc4 Rb1 66.
Ke4 Kf6 67. Rc6+ Kf7 68. g5 Rb4+ 69. Kf5 Rb5+ 70. Kg4 Rb1 71. Rc7+ 1-0

[Event "Groningen Chess Festival 2010 - Open"]
[Site "Groningen NED"]
[Date "2010.12.21"]
[Round "1.27"]
[White "Van Foreest, Jorden"]
[Black "Donchenko, Anatoly"]
[Result "0-1"]
[WhiteElo "1970"]
[BlackElo "2391"]
[PlyCount "104"]
[EventDate "2010.12.21"]
[EventType "swiss"]
[EventRounds "9"]
[EventCountry "NED"]
[Source "lmi"]
[SourceDate "2010.12.21"]

1. e4 c5 2. Nf3 e6 3. d4 cxd4 4. Nxd4 a6 5. Bd3 Nc6 6. Nb3 Nf6 7. O-O Be7 8.
Nc3 b5 9. a3 Bb7 10. Be3 Rc8 11. Nc5 Qc7 12. Nxb7 Qxb7 13. f4 d6 14. Qf3 Na5
15. a4 b4 16. Ne2 Nc4 17. Bc1 d5 18. Ng3 dxe4 19. Nxe4 Nxe4 20. Qxe4 Qxe4 21.
Bxe4 a5 22. b3 Bf6 23. Ra2 Nd6 24. Bd3 Bd4+ 25. Kh1 Ke7 26. Bb2 Bxb2 27. Rxb2
g6 28. Rbb1 Rc5 29. Rbe1 h5 30. h3 Nf5 31. Bxf5 Rxf5 32. Kg1 Rc8 33. Re2 h4 34.
Rff2 Rc3 35. Rd2 Kf6 36. Kf1 g5 37. fxg5+ Kxg5 38. Rxf5+ Kxf5 39. Rd7 f6 40.
Rd2 e5 41. Ke1 Ke6 42. Kd1 Rg3 43. Re2 f5 44. Rd2 e4 45. Ke1 Ke5 46. Kf1 Rc3
47. Rf2 f4 48. Rd2 e3 49. Re2 Rc5 50. Ke1 Ke4 51. Kf1 Rc6 52. Ke1 Rd6 0-1

[Event "Groningen Chess Festival 2010 - Open"]
[Site "Groningen NED"]
[Date "2010.12.22"]
[Round "2.1"]
[White "Van Kampen, Robin"]
[Black "Gupta, Abhijeet"]
[Result "1/2-1/2"]
[WhiteElo "2454"]
[BlackElo "2600"]
[PlyCount "141"]
[EventDate "2010.12.21"]
[EventType "swiss"]
[EventRounds "9"]
[EventCountry "NED"]
[Source "lmi"]
[SourceDate "2010.12.21"]

1. e4 e6 2. d4 d5 3. Nc3 Bb4 4. e5 c5 5. a3 Bxc3+ 6. bxc3 Ne7 7. Qg4 Qc7 8.
Qxg7 Rg8 9. Qxh7 cxd4 10. Ne2 dxc3 11. f4 Nbc6 12. Qd3 Bd7 13. Qxc3 O-O-O 14.
Rb1 Kb8 15. g3 d4 16. Qc4 Rc8 17. Bg2 Nf5 18. Bd2 Nce7 19. Qxc7+ Rxc7 20. c3 d3
21. Nc1 Ba4 22. Be4 Bc2 23. Rb2 Rd7 24. Rg1 Nc8 25. g4 Nh4 26. Rg3 Nb6 27. Nxd3
Bxd3 28. Bxd3 Rgd8 29. Be2 Ng6 30. Rc2 Rc7 31. Rd3 Rh8 32. h3 Rc4 33. Rf3 Re4
34. Kf2 Nh4 35. Rd3 Ng6 36. Rf3 Nh4 37. Rg3 Rc8 38. Bd3 Ra4 39. Bc1 Ng6 40. Rf3
Nh4 41. Rg3 Ng6 42. Bxg6 fxg6 43. Rd3 Nd5 44. f5 gxf5 45. gxf5 Re4 46. Re2 Nxc3
47. Rxe4 Nxe4+ 48. Kf3 exf5 49. Bd2 Nxd2+ 50. Rxd2 Rc4 51. Rh2 Rh4 52. Kg3 Rh5
53. Rc2 Rh6 54. Kf4 a5 55. Kxf5 Rh5+ 56. Kf4 Rh4+ 57. Kf5 Rh5+ 58. Kf6 Rxh3 59.
e6 Rf3+ 60. Kg6 Re3 61. Kf6 Rf3+ 62. Kg6 Re3 63. Kf5 b5 64. Rc5 b4 65. a4 b3
66. Kf6 Rf3+ 67. Kg7 b2 68. Rb5+ Kc7 69. Rxb2 Kd6 70. Rb5 Kxe6 71. Rxa5 1/2-1/2

[Event "Groningen Chess Festival 2010 - Open"]
[Site "Groningen NED"]
[Date "2010.12.22"]
[Round "2.2"]
[White "Ernst, Sipke"]
[Black "Grover, Sahaj"]
[Result "1/2-1/2"]
[WhiteElo "2590"]
[BlackElo "2432"]
[PlyCount "45"]
[EventDate "2010.12.21"]
[EventType "swiss"]
[EventRounds "9"]
[EventCountry "NED"]
[Source "lmi"]
[SourceDate "2010.12.21"]

1. d4 d5 2. c4 e6 3. Nc3 Be7 4. Nf3 Nf6 5. Bg5 O-O 6. e3 h6 7. Bh4 Ne4 8. Bg3
Bb4 9. Qc2 c5 10. Bd3 Nxg3 11. hxg3 dxc4 12. Bxc4 cxd4 13. exd4 Nc6 14. Rd1 Bd7
15. O-O Na5 16. Bd3 Rc8 17. Ne5 Be8 18. Rfe1 Qc7 19. Re3 Nc6 20. Nf3 Ne7 21.
Ne5 Nc6 22. Nf3 Ne7 23. Ne5 1/2-1/2

[Event "Groningen Chess Festival 2010 - Open"]
[Site "Groningen NED"]
[Date "2010.12.22"]
[Round "2.3"]
[White "Andriasian, Zaven"]
[Black "Naroditsky, Daniel"]
[Result "1-0"]
[WhiteElo "2585"]
[BlackElo "2425"]
[PlyCount "103"]
[EventDate "2010.12.21"]
[EventType "swiss"]
[EventRounds "9"]
[EventCountry "NED"]
[Source "lmi"]
[SourceDate "2010.12.21"]

1. e4 c5 2. Nf3 d6 3. d4 cxd4 4. Nxd4 Nf6 5. Nc3 a6 6. Be3 e5 7. Nf3 Be7 8. Bc4
O-O 9. O-O Be6 10. Qe2 b5 11. Bb3 Nc6 12. Rfd1 Qc7 13. Nd5 Bxd5 14. Bxd5 Nxd5
15. Rxd5 Nb4 16. Rd2 Qc4 17. c3 Nc6 18. Qxc4 bxc4 19. b4 cxb3 20. axb3 Rab8 21.
Rb2 a5 22. Nd2 Rb5 23. Ra4 d5 24. exd5 Rxd5 25. g4 Rb8 26. Rc4 Nd8 27. Ra2 Ne6
28. Re4 f6 29. Kf1 g6 30. c4 Rdd8 31. g5 Nxg5 32. Bxg5 fxg5 33. Rxe5 Bf6 34.
Re3 Bd4 35. Rd3 Bb6 36. Rxd8+ Rxd8 37. Ne4 Rd3 38. c5 Bc7 39. Nxg5 Rxb3 40. Ne6
Bxh2 41. Rxa5 Kf7 42. Ng5+ Kg7 43. Kg2 Bb8 44. c6 Rc3 45. Ra8 Bd6 46. Ra7+ Kg8
47. Ne6 h5 48. c7 Bxc7 49. Nxc7 h4 50. Ne6 h3+ 51. Kh2 Rc2 52. Ra8+ 1-0

[Event "Groningen Chess Festival 2010 - Open"]
[Site "Groningen NED"]
[Date "2010.12.22"]
[Round "2.4"]
[White "Werle, Jan"]
[Black "Poetsch, Hagen"]
[Result "1-0"]
[WhiteElo "2578"]
[BlackElo "2408"]
[PlyCount "89"]
[EventDate "2010.12.21"]
[EventType "swiss"]
[EventRounds "9"]
[EventCountry "NED"]
[Source "lmi"]
[SourceDate "2010.12.21"]

1. d4 d5 2. c4 c6 3. Nf3 Nf6 4. e3 Bf5 5. Nc3 e6 6. Nh4 Be4 7. f3 Bg6 8. Qb3
Qc7 9. Bd2 Be7 10. g3 Nbd7 11. cxd5 exd5 12. Nxg6 hxg6 13. O-O-O Nf8 14. Kb1
Ne6 15. Rc1 Qb6 16. Qc2 g5 17. Bd3 g6 18. f4 O-O-O 19. Qa4 Rd7 20. Ne2 Bd8 21.
Rc3 Ne4 22. Bxe4 dxe4 23. Rb3 Qa6 24. Qxa6 bxa6 25. Nc3 f5 26. Na4 Rdh7 27. Rc1
Rxh2 28. Rxc6+ Kd7 29. Rc2 Rg2 30. d5 Nc7 31. Nc5+ Ke7 32. d6+ Kxd6 33. Nxe4+
Kd5 34. Nc3+ Ke6 35. Rb8 Bf6 36. Rxh8 Bxh8 37. fxg5 Rxg3 38. Ne2 Rxg5 39. Rxc7
Be5 40. Nf4+ Kd6 41. Rxa7 Rg1+ 42. Kc2 g5 43. Rxa6+ Kd7 44. Nd3 Bd6 45. Bb4 1-0

[Event "Groningen Chess Festival 2010 - Open"]
[Site "Groningen NED"]
[Date "2010.12.22"]
[Round "2.5"]
[White "Ashwin, Jayaram"]
[Black "Bojkov, Dejan"]
[Result "0-1"]
[WhiteElo "2420"]
[BlackElo "2542"]
[PlyCount "70"]
[EventDate "2010.12.21"]
[EventType "swiss"]
[EventRounds "9"]
[EventCountry "NED"]
[Source "lmi"]
[SourceDate "2010.12.21"]

1. d4 Nf6 2. c4 g6 3. Nc3 Bg7 4. e4 d6 5. Nf3 O-O 6. Be2 Na6 7. O-O e5 8. Be3
Ng4 9. Bg5 Qe8 10. Re1 exd4 11. Nd5 c6 12. Ne7+ Kh8 13. Nxc8 Rxc8 14. Nxd4 Nf6
15. f3 Qe5 16. Be3 d5 17. Qb3 c5 18. Nb5 dxe4 19. Rad1 Rcd8 20. Nxa7 Rxd1 21.
Rxd1 exf3 22. Bxf3 Ne4 23. a3 f5 24. Qxb7 Nd6 25. Qb3 Nxc4 26. Bc1 Nxb2 27. Nc6
Qf6 28. Rd7 c4 29. Qb6 Nd3 30. Qxa6 Qc3 31. h3 Qxc1+ 32. Kh2 Qf4+ 33. Kg1 Nc5
34. Qa7 Nxd7 35. Qxd7 c3 0-1

[Event "Groningen Chess Festival 2010 - Open"]
[Site "Groningen NED"]
[Date "2010.12.22"]
[Round "2.6"]
[White "Rotstein, Arkadij"]
[Black "Carlstedt, Jonathan"]
[Result "1/2-1/2"]
[WhiteElo "2538"]
[BlackElo "2392"]
[PlyCount "180"]
[EventDate "2010.12.21"]
[EventType "swiss"]
[EventRounds "9"]
[EventCountry "NED"]
[Source "lmi"]
[SourceDate "2010.12.21"]

1. d4 d5 2. Nf3 e6 3. g3 c5 4. Bg2 Nc6 5. O-O Nf6 6. c4 Be7 7. dxc5 Bxc5 8. a3
a5 9. cxd5 exd5 10. Bg5 O-O 11. Nc3 d4 12. Bxf6 Qxf6 13. Nd5 Qf5 14. Nd2 Rd8
15. Nf4 Bd6 16. Nd3 Be6 17. Rc1 Rab8 18. Ne4 Be7 19. Nf4 d3 20. exd3 Qb5 21.
Nxe6 fxe6 22. Qg4 Qf5 23. Qxf5 exf5 24. Nc5 Bf6 25. Rfe1 Bxb2 26. Rb1 Bxa3 27.
Nxb7 Rdc8 28. Bxc6 Rxc6 29. Nxa5 Rxb1 30. Rxb1 Rc2 31. Rb8+ Kf7 32. Rb7+ Kf6
33. Rb6+ Kf7 34. Rc6 Bc5 35. d4 Rc1+ 36. Kg2 Ba3 37. Nc4 Ke7 38. d5 Rc3 39. Ne3
Rxc6 40. Nxf5+ Kd8 41. dxc6 Bb2 42. Kf3 Kc7 43. Ke4 Kxc6 44. f4 Kd7 45. Kd5 Bc3
46. Nd6 Ke7 47. Ne4 Bb2 48. Ng5 h6 49. Nf3 Kf6 50. Ke4 Bc3 51. g4 Bb2 52. h4
Bc1 53. h5 Ke6 54. Ne5 Kf6 55. Nd3 Bd2 56. Kd4 Ba5 57. Nc5 Bc7 58. Ke4 Bd6 59.
Nd7+ Ke6 60. Nb6 Ba3 61. Nd5 Bb2 62. Ne3 Ba1 63. Nc2 Bb2 64. Nd4+ Kf6 65. Nb5
Bc1 66. Nc7 Bb2 67. Nd5+ Ke6 68. g5 hxg5 69. fxg5 Bc1 70. Nf4+ Kf7 71. Kf5 Bd2
72. Ng6 Kg8 73. Ne5 Kh7 74. g6+ Kg8 75. Ke6 Bc3 76. Nc6 Bd2 77. Ke7 Bc3 78. Ke8
Bb2 79. Ne7+ Kh8 80. Kf7 Bc3 81. Nf5 Bb2 82. h6 gxh6 83. Nxh6 Bc3 84. Ng4 Bg7
85. Nf6 Bh6 86. Ne8 Bg7 87. Nd6 Be5 88. Ne4 Bg7 89. Nf6 Bh6 90. Nh5 Bg7 1/2-1/2

[Event "Groningen Chess Festival 2010 - Open"]
[Site "Groningen NED"]
[Date "2010.12.22"]
[Round "2.7"]
[White "De Jong, Migchiel"]
[Black "Prohaszka, Peter"]
[Result "0-1"]
[WhiteElo "2406"]
[BlackElo "2536"]
[PlyCount "52"]
[EventDate "2010.12.21"]
[EventType "swiss"]
[EventRounds "9"]
[EventCountry "NED"]
[Source "lmi"]
[SourceDate "2010.12.21"]

1. e4 c6 2. d3 d5 3. Nd2 e5 4. Ngf3 Bd6 5. d4 exd4 6. exd5 Nf6 7. dxc6 Nxc6 8.
Be2 O-O 9. O-O Bf5 10. Nb3 Qc7 11. h3 Nb4 12. Nbxd4 Bxc2 13. Nxc2 Nxc2 14. Rb1
Rfd8 15. Bd2 Ne4 16. Rc1 Bh2+ 17. Kh1 Rac8 18. g3 Bxg3 19. fxg3 Qxg3 20. Rxc2
Qxh3+ 21. Kg1 Qg4+ 22. Kh2 Rxc2 23. Qxc2 Nxd2 24. Rf2 Rd6 25. Rg2 Nxf3+ 26.
Bxf3 Qh4+ 0-1

[Event "Groningen Chess Festival 2010 - Open"]
[Site "Groningen NED"]
[Date "2010.12.22"]
[Round "2.8"]
[White "Nyzhnyk, Illya"]
[Black "Van Eijk, Sander"]
[Result "1-0"]
[WhiteElo "2535"]
[BlackElo "2387"]
[PlyCount "103"]
[EventDate "2010.12.21"]
[EventType "swiss"]
[EventRounds "9"]
[EventCountry "NED"]
[Source "lmi"]
[SourceDate "2010.12.21"]

1. d4 e6 2. c4 Nf6 3. Nf3 c5 4. d5 b5 5. dxe6 fxe6 6. cxb5 d5 7. Nbd2 Qa5 8. e3
c4 9. Be2 a6 10. bxa6 Nxa6 11. O-O Nc5 12. b3 cxb3 13. Nxb3 Nxb3 14. Qxb3 Bd6
15. Bb5+ Bd7 16. Nd4 Bxb5 17. Nxb5 Be5 18. Bb2 Bxb2 19. Qxb2 O-O 20. Rfc1 Rfc8
21. Rxc8+ Rxc8 22. Nd6 Qc3 23. Qxc3 Rxc3 24. a4 Rc6 25. Nb5 Nd7 26. a5 Rc5 27.
Rb1 Nb8 28. Nd4 Kf7 29. h4 Na6 30. Rb7+ Kf6 31. Nxe6 Kxe6 32. Rb6+ Kf5 33. Rxa6
h5 34. g3 Rc1+ 35. Kg2 Ra1 36. Ra8 Ra2 37. a6 Kf6 38. a7 Kg6 39. Kf1 Kf7 40.
Ke1 Kg6 41. Kd1 Kf7 42. Kc1 Kg6 43. Kb1 Ra4 44. Kb2 Rb4+ 45. Kc3 Ra4 46. Kb3
Ra5 47. Kb4 Ra1 48. Kc5 Ra5+ 49. Kd4 Kh7 50. Ke5 Kg6 51. f4 Kh7 52. f5 1-0

[Event "Groningen Chess Festival 2010 - Open"]
[Site "Groningen NED"]
[Date "2010.12.22"]
[Round "2.9"]
[White "Donchenko, Anatoly"]
[Black "Romanishin, Oleg M"]
[Result "1/2-1/2"]
[WhiteElo "2391"]
[BlackElo "2534"]
[PlyCount "30"]
[EventDate "2010.12.21"]
[EventType "swiss"]
[EventRounds "9"]
[EventCountry "NED"]
[Source "lmi"]
[SourceDate "2010.12.21"]

1. Nf3 Nf6 2. c4 e6 3. d4 b6 4. a3 Bb7 5. Nc3 Ne4 6. Qc2 Nxc3 7. Qxc3 Be7 8. g3
Bf6 9. Qd3 d5 10. cxd5 exd5 11. Bg2 O-O 12. O-O c5 13. Bf4 Nd7 14. Rad1 Re8 15.
Rfe1 Be7 1/2-1/2

[Event "Groningen Chess Festival 2010 - Open"]
[Site "Groningen NED"]
[Date "2010.12.22"]
[Round "2.10"]
[White "Brandenburg, Daan"]
[Black "Ootes, Lennart"]
[Result "1-0"]
[WhiteElo "2515"]
[BlackElo "2173"]
[PlyCount "67"]
[EventDate "2010.12.21"]
[EventType "swiss"]
[EventRounds "9"]
[EventCountry "NED"]
[Source "lmi"]
[SourceDate "2010.12.21"]

1. e4 e5 2. Nf3 Nc6 3. Bc4 Nf6 4. d3 h6 5. O-O d6 6. c3 g6 7. d4 Qe7 8. Re1 Bg7
9. Nbd2 O-O 10. h3 Kh8 11. Nf1 Nb8 12. Ng3 Nbd7 13. Be3 Ng8 14. Bd3 c5 15. a4
Rb8 16. Rb1 b6 17. b4 Rb7 18. a5 Rc7 19. bxc5 bxc5 20. Qe2 Ndf6 21. Qa2 Nh7 22.
dxe5 dxe5 23. Bc4 f5 24. exf5 gxf5 25. Bf4 e4 26. Bxc7 Qxc7 27. Nh4 Ne7 28. Be6
Qf4 29. Ngxf5 Rxf5 30. Nxf5 Bxe6 31. Qxe6 Nxf5 32. Rxe4 Qg5 33. Rg4 Qf6 34.
Rb8+ 1-0

[Event "Groningen Chess Festival 2010 - Open"]
[Site "Groningen NED"]
[Date "2010.12.22"]
[Round "2.11"]
[White "Baghdasaryan, Vahe"]
[Black "Lobzhanidze, Davit"]
[Result "1-0"]
[WhiteElo "2303"]
[BlackElo "2496"]
[PlyCount "81"]
[EventDate "2010.12.21"]
[EventType "swiss"]
[EventRounds "9"]
[EventCountry "NED"]
[Source "lmi"]
[SourceDate "2010.12.21"]

1. e4 e5 2. Nf3 Nc6 3. Bb5 a6 4. Ba4 Nf6 5. O-O Be7 6. Re1 b5 7. Bb3 d6 8. c3
O-O 9. d4 Bg4 10. Be3 exd4 11. cxd4 d5 12. e5 Ne4 13. Nc3 Nxc3 14. bxc3 Qd7 15.
h3 Bh5 16. Bf4 Nd8 17. g4 Bg6 18. Bg3 Ne6 19. Nh4 Bxh4 20. Bxh4 a5 21. a4 bxa4
22. Bxa4 c6 23. Qd2 f5 24. exf6 gxf6 25. c4 dxc4 26. d5 Nd8 27. Qc3 Qxd5 28.
Bxf6 Ne6 29. Rad1 Bd3 30. Rxd3 Qxd3 31. Rxe6 Qxc3 32. Bxc3 Rae8 33. Rxc6 Rc8
34. Bxa5 Rxc6 35. Bxc6 Rc8 36. Bd7 Rc5 37. Be6+ Kg7 38. Bc3+ Kg6 39. f4 Rc6 40.
f5+ Kg5 41. f6 1-0

[Event "Groningen Chess Festival 2010 - Open"]
[Site "Groningen NED"]
[Date "2010.12.22"]
[Round "2.12"]
[White "Herman, Matthew J"]
[Black "Nijboer, Friso"]
[Result "1/2-1/2"]
[WhiteElo "2149"]
[BlackElo "2583"]
[PlyCount "114"]
[EventDate "2010.12.21"]
[EventType "swiss"]
[EventRounds "9"]
[EventCountry "NED"]
[Source "lmi"]
[SourceDate "2010.12.21"]

1. e4 c5 2. Nf3 Nc6 3. Nc3 d6 4. d4 cxd4 5. Nxd4 Nf6 6. Bc4 Qb6 7. Ndb5 Bg4 8.
f3 Bd7 9. Qe2 a6 10. Be3 Qa5 11. Nd4 b5 12. Bb3 e6 13. Nxc6 Bxc6 14. Qf2 Qc7
15. O-O Be7 16. a3 O-O 17. Rfd1 Rab8 18. Qg3 a5 19. Rd4 b4 20. axb4 axb4 21.
Ne2 e5 22. Rd2 Bd7 23. Qf2 Be6 24. Ng3 g6 25. Qe2 Nd7 26. Ra7 Qc8 27. Nf1 Re8
28. Qa6 Qxa6 29. Rxa6 Ra8 30. Rxa8 Rxa8 31. Bxe6 fxe6 32. Kf2 Kf7 33. Ke2 Nf6
34. g4 Ra5 35. Ng3 d5 36. Rd1 Nd7 37. f4 exf4 38. Bxf4 Nf6 39. exd5 Nxd5 40.
Bc1 Bd6 41. Ne4 Be5 42. Rf1+ Ke7 43. Kd3 h5 44. h3 Ra8 45. gxh5 gxh5 46. Bg5+
Kd7 47. b3 Kc6 48. Nd2 Bc7 49. Rf7 Ra1 50. Nf3 e5 51. Rh7 Rd1+ 52. Nd2 Bd6 53.
Rxh5 e4+ 54. Kxe4 Rxd2 55. Bxd2 Nf6+ 56. Kf3 Nxh5 57. c3 bxc3 1/2-1/2

[Event "Groningen Chess Festival 2010 - Open"]
[Site "Groningen NED"]
[Date "2010.12.22"]
[Round "2.13"]
[White "Baklan, Vladimir"]
[Black "Theulings, Paul-Peter"]
[Result "1-0"]
[WhiteElo "2613"]
[BlackElo "2132"]
[PlyCount "57"]
[EventDate "2010.12.21"]
[EventType "swiss"]
[EventRounds "9"]
[EventCountry "NED"]
[Source "lmi"]
[SourceDate "2010.12.21"]

1. e4 Nf6 2. e5 Nd5 3. d4 d6 4. Nf3 Nc6 5. c3 Nb6 6. Bf4 dxe5 7. Nxe5 Nxe5 8.
Bxe5 e6 9. Nd2 Bd7 10. Qf3 Bc6 11. Qg3 Rc8 12. Be2 Nd7 13. Nc4 Bd5 14. Bf4 Nf6
15. Ne5 Be4 16. h4 h6 17. h5 Nd5 18. Bd2 Qd6 19. Bf3 Bf5 20. c4 Nb4 21. O-O c6
22. Bf4 Qd8 23. Rad1 Qf6 24. a3 Na6 25. d5 cxd5 26. cxd5 exd5 27. Bxd5 Rc7 28.
Rfe1 Be6 29. Nxf7 1-0

[Event "Groningen Chess Festival 2010 - Open"]
[Site "Groningen NED"]
[Date "2010.12.22"]
[Round "2.15"]
[White "Heemskerk, Wim"]
[Black "Feuerstack, Aljoscha"]
[Result "1/2-1/2"]
[WhiteElo "2263"]
[BlackElo "2404"]
[PlyCount "112"]
[EventDate "2010.12.21"]
[EventType "swiss"]
[EventRounds "9"]
[EventCountry "NED"]
[Source "lmi"]
[SourceDate "2010.12.21"]

1. Nf3 c5 2. c4 Nf6 3. Nc3 e6 4. g3 b6 5. Bg2 Bb7 6. O-O Be7 7. b3 d6 8. Bb2
O-O 9. e3 Nbd7 10. d4 Ne4 11. d5 Nxc3 12. Bxc3 exd5 13. cxd5 Bf6 14. Rc1 Bxc3
15. Rxc3 Nf6 16. Nh4 Re8 17. Re1 g6 18. e4 Qc7 19. Rce3 Rad8 20. h3 Rd7 21. Qa1
Qd8 22. a4 Nh5 23. Nf3 a6 24. Nd2 b5 25. Bf1 Qb6 26. Be2 Ng7 27. Bg4 Rde7 28.
Qf6 Qa5 29. R1e2 Qc7 30. h4 c4 31. bxc4 bxc4 32. Qd4 f5 33. Bh3 Rc8 34. Rc3 Qc5
35. Rxc4 Qxd4 36. Rxd4 Rc1+ 37. Kh2 Rd1 38. f3 Rc7 39. Rb4 a5 40. Rb2 Ba6 41.
Re3 Rcc1 42. Bg2 Ra1 43. Rc3 Rdc1 44. Rxc1 Rxc1 45. Nb3 Rc3 46. Nxa5 Ra3 47.
Rb4 fxe4 48. fxe4 Nh5 49. Nc4 Bxc4 50. Rxc4 Rxg3 51. Rc6 Ra3 52. Rxd6 Rxa4 53.
Kg1 Ra1+ 54. Kf2 Ra2+ 55. Kg1 Ra1+ 56. Kf2 Ra2+ 1/2-1/2

[Event "Groningen Chess Festival 2010 - Open"]
[Site "Groningen NED"]
[Date "2010.12.22"]
[Round "2.16"]
[White "Willemze, Thomas"]
[Black "Shiven, Khosla"]
[Result "0-1"]
[WhiteElo "2394"]
[BlackElo "2354"]
[PlyCount "84"]
[EventDate "2010.12.21"]
[EventType "swiss"]
[EventRounds "9"]
[EventCountry "NED"]
[Source "lmi"]
[SourceDate "2010.12.21"]

1. e4 c5 2. Nf3 d6 3. d4 cxd4 4. Nxd4 Nf6 5. Nc3 Nc6 6. Bg5 e6 7. Qd2 Qb6 8.
Nb3 Be7 9. Bxf6 Bxf6 10. Qxd6 Be5 11. Qc5 Qxc5 12. Nxc5 Ke7 13. Bb5 Nb4 14.
O-O-O a6 15. Be2 b6 16. Nd3 Nxd3+ 17. Rxd3 Bb7 18. f3 Rac8 19. g3 Rc7 20. Nd1
h5 21. Rf1 Bd6 22. Nf2 g5 23. Rfd1 Be5 24. Nh3 h4 25. gxh4 Rxh4 26. Bf1 Bxh2
27. R3d2 Be5 28. Kb1 f6 29. a4 Bc6 30. b3 b5 31. a5 Be8 32. Rd8 Bh5 33. Bg2 g4
34. Ng1 f5 35. exf5 Rh2 36. f4 Rxg2 37. fxe5 exf5 38. Rh8 Bf7 39. e6 Bxe6 40.
Rh7+ Bf7 41. Re1+ Kf6 42. Rh6+ Kg5 0-1

[Event "Groningen Chess Festival 2010 - Open"]
[Site "Groningen NED"]
[Date "2010.12.22"]
[Round "2.17"]
[White "Sparenberg, Erik"]
[Black "Bluvshtein, Mark"]
[Result "0-1"]
[WhiteElo "2095"]
[BlackElo "2587"]
[PlyCount "108"]
[EventDate "2010.12.21"]
[EventType "swiss"]
[EventRounds "9"]
[EventCountry "NED"]
[Source "lmi"]
[SourceDate "2010.12.21"]

1. e4 d6 2. d4 Nf6 3. Nc3 g6 4. Be3 Bg7 5. Qd2 Nbd7 6. Nf3 c6 7. a4 O-O 8. Be2
Qc7 9. Bh6 e5 10. h4 exd4 11. Nxd4 Nc5 12. Bxg7 Kxg7 13. Bf3 Re8 14. O-O-O h6
15. Qf4 Qe7 16. Rhe1 Bd7 17. Re2 Qe5 18. Qd2 Rad8 19. g3 b5 20. axb5 cxb5 21.
Ndxb5 Bxb5 22. Nxb5 Rb8 23. Nc3 Rxb2 24. Qd4 Reb8 25. Qxe5 dxe5 26. Nd5 Ne8 27.
Ne3 Na4 28. Rd3 Nc7 29. Nc4 Rb1+ 30. Kd2 Nc5 31. Rd6 Nb5 32. Rd5 Na4 33. Re1
Rxe1 34. Kxe1 Nac3 35. Rxe5 Nd4 36. Nd2 Rb2 37. Bd1 Ra2 38. Nb3 Nxb3 39. cxb3
Ra1 40. Rd5 Nxd5 41. exd5 Kf6 42. Kd2 Ke5 43. Be2 a5 44. f4+ Kd6 45. h5 Kxd5
46. Bc4+ Kd4 47. Bxf7 Ra2+ 48. Kd1 gxh5 49. Bxh5 Kd3 50. Ke1 Rg2 51. f5 Ke3 52.
Kd1 Rxg3 53. f6 Rg5 54. Be8 Kd3 0-1

[Event "Groningen Chess Festival 2010 - Open"]
[Site "Groningen NED"]
[Date "2010.12.22"]
[Round "2.18"]
[White "Pruijssers, Roeland"]
[Black "Jacoby, Gisbert"]
[Result "1-0"]
[WhiteElo "2487"]
[BlackElo "2185"]
[PlyCount "73"]
[EventDate "2010.12.21"]
[EventType "swiss"]
[EventRounds "9"]
[EventCountry "NED"]
[Source "lmi"]
[SourceDate "2010.12.21"]

1. e4 c5 2. Nf3 d6 3. d4 cxd4 4. Nxd4 Nf6 5. Nc3 a6 6. Be3 e5 7. Nb3 Be6 8. f3
Nbd7 9. Qd2 b5 10. a4 b4 11. Nd5 Bxd5 12. exd5 Nb6 13. Bxb6 Qxb6 14. a5 Qb7 15.
Bc4 g6 16. Ra4 Rb8 17. Nc1 h5 18. Na2 Bh6 19. Qd3 O-O 20. Nxb4 Nd7 21. Nxa6
Qxb2 22. O-O e4 23. fxe4 Ne5 24. Qe2 Ra8 25. Bb3 Qc3 26. Kh1 Ra7 27. Nb4 Rb8
28. Nc6 Nxc6 29. dxc6 Qxc6 30. a6 Re8 31. Rf6 Kh7 32. Qd3 Rae7 33. Qd5 Qc3 34.
Rf1 Be3 35. Qxd6 Ba7 36. Bxf7 Rxf7 37. Rxf7+ 1-0

[Event "Groningen Chess Festival 2010 - Open"]
[Site "Groningen NED"]
[Date "2010.12.22"]
[Round "2.19"]
[White "Lambrechts, Koen"]
[Black "Bok, Benjamin"]
[Result "0-1"]
[WhiteElo "2174"]
[BlackElo "2458"]
[PlyCount "118"]
[EventDate "2010.12.21"]
[EventType "swiss"]
[EventRounds "9"]
[EventCountry "NED"]
[Source "lmi"]
[SourceDate "2010.12.21"]

1. e4 e5 2. Nf3 Nc6 3. Bb5 Nf6 4. O-O Nxe4 5. d4 Nd6 6. Bxc6 dxc6 7. dxe5 Nf5
8. Qxd8+ Kxd8 9. Nc3 h6 10. h3 Bd7 11. Bf4 Kc8 12. Rad1 b6 13. Bh2 Be6 14. g4
Ne7 15. Rfe1 c5 16. Re3 Kb7 17. Ne1 h5 18. Rg3 Ng6 19. Ne4 Be7 20. Rg2 hxg4 21.
hxg4 Rad8 22. Rxd8 Rxd8 23. b3 Nh4 24. Rg3 Rd4 25. Nc3 Rxg4 26. Rxg4 Bxg4 27.
f4 Kc6 28. Kf2 Nf5 29. Ng2 a5 30. Bg3 c4 31. Ne4 Bd1 32. Ne3 Nxe3 33. Kxe3 Bxc2
34. bxc4 Bb1 35. Ng5 Bxg5 36. fxg5 Bxa2 37. Kd4 Bb1 38. Bf4 Bf5 39. Bc1 Kd7 40.
Ba3 c5+ 41. Ke3 Ke6 42. Bb2 Bh3 43. Ke2 Ke7 44. Bc1 Kf8 45. Bf4 Be6 46. Kd3 Kg8
47. g6 Kf8 48. gxf7 Kxf7 49. Bg5 Ke8 50. Bh4 a4 51. Kc3 a3 52. Kb3 Bxc4+ 53.
Kxa3 Kd7 54. Kb2 Kc6 55. Bd8 b5 56. Be7 b4 57. Kc1 Be6 58. Kd2 Kb5 59. Kd3 Bf5+
0-1